1410 1451 1717 1300 1254 1689 1719 1690 1721 1054 1567 1314 1006 1509 1621 1524 1630 1264 1092 1598 1578 1027 1447 1977 1410 1779 1793 1854 1094 1862 1418 1746 1360 1394 1576 1798 1280 1450 1543 1896 1458 1932 1768 1049 1148 1578 1296 1613 1335 1108 1000 1064 1733 1007 1943 1230 1577 1651 1947 1207 1611 1661 1110 1563 1281 1356 1579 1562 1937 1588 1472 1279 1979 1394 1630 1019 1387 1147 1954 1943 1383 1517 1720 1273 1648 1534 1679 1168 1743 1582 1164 1614 1282 1049 1472 1471 1291 1817 1067 BCNSPRNW ULIB Ver.6.0+V

เปลี่ยนเป็นภาษาไทย

Change to English
 แสดงรายละเอียดบรรณานุกรม
  กลับหน้าหลัก

Brief Record : Get Marc (ISO 2709) : E-mail record : QR code < ปิดหน้าต่าง
LEADER : 00000nam 2200000uu 4500
001    13399121554
003     ULIB
008    020711s2459 th a 000 0 tha d
020    9749416119
090    นว.^bภ283อ
100    กาย เบ็ญจ์
245    ไซอิ๋ว ฉบับการ์ตูน /^cกาย เบ็ญจ์
260    กรุงเทพฯ :^bกิเลนการพิมพ์,^c2459
300    440 หน้า
945    ^p225^l0^i018639
999    ^aทศพร
รายการนี้ยังไม่มีแท็ก
คุณยังไม่ได้ล็อกอิน คุณสามารถมีกิจกรรมร่วมกับเว็บไซต์ได้ แต่ต้องล็อกอินก่อน ::
  ล็อกอิน

รายการสื่อสารสนเทศ

ลำดับที่ ประเภท เลขเรียก/บาร์โค้ด สถานที่ สถานะ
1. นวนิยาย
นวนิยาย
นว. ภ283อ ฉ.1 
  Barcode: 018639
ห้องสมุดวิทยาเขตสวรรค์ประชารักษ์
►นวนิยาย
บนชั้น
  ขอยืม

BibComment


ยังไม่เคยถูกคอมเมนท์

คอมเมนท์ทรัพยากรรายการนี้
  คอมเมนท์: ไซอิ๋ว ฉบับการ์ตู..


 Copyright 2026. Bcnsprnw @Library